000 00588cam a2200205 4500
001 D15273
008 090401t1971 xxu||||| |||| 00| 0 eng d
035 _a(Sirsi) u21618
041 _aeng
050 _a692.5
110 _aRoyal Institution of Chartered Surveyors
_94900
245 _aCo-ordination of the construction industry
260 _bRICS
_c1971
300 _a18p
350 _a0
520 _aSummary of the discussions of the Joint Building Group Session 1969-1970; Filed in box 1971/14 AB
710 _aJoint Building Group
_9906
942 _n0
948 _c04/03/1997
999 _c88019
_d88019